000 01617nam0a2200337 i 4500
001 RU\NLR\BIBL_A\010411578
005 20241103061529.0
021 _aRU
_b2014-33093
_92023
035 _a(NILC)RuMoRGB-007483710
035 _a(NLR Aleph) 010411578
090 _a9761526
_c9761526
100 _a20140702d2014 k y0rusy50 ca
101 0 _arus
102 _aRU
105 _aab||7|||001yy
200 1 _aЭкологические аспекты реализации крупных нефтегазовых проектов на континентальном шельфе
_fГ.Е. Вильчек
_gИн-т географии Рос. акад. наук
210 _aМосква
_cИнститут географии РАН
_d2014
215 _a303 с.
_cил., карт.
_d21
320 _aБиблиогр.: с. 290-301 (221 назв.)
606 1 _aНефть
_xМесторождения шельфовые
_xОсвоение
_xЭкологические проблемы
_92238692
_3RU\NLR\AUTH\661343417
606 _aОкружающая среда
_xЗагрязнение отходами нефтегазовой промышленности
_92140979
_3RU\NLR\AUTH\661290425
606 1 _aНефть
_xДобыча в море
_xЭкологическая безопасность
_92498897
_3RU\NLR\AUTH\661482238
686 1 _aД545.4-8
686 1 _aИ361-642
686 1 _aИ361.44-642
700 1 _aВильчек
_bГ. Е.
_gГригорий Евсеевич
801 0 _aRU
_bРГБ
_c20140505
_gRCR
942 _cBOOK
980 _aNBR